A tanács határozata a légszeszgyár perére

Elmentve itt :
Bibliográfiai részletek
Dokumentumtípus: Cikk
Megjelent: 1917-04-24
Sorozat:Délmagyarország 6 No. 97
Kulcsszavak:Áremelés, Gazdasági élet Szeged 1917, Gázgyár Szeged
Online Access:http://dmarchiv.bibl.u-szeged.hu/43572
LEADER 00458nab a2200145 i 4500
001 delm43572
005 20180927131952.0
008 180927s1917 hu o 0|| hun d
040 |a SZTE Délmagyarország Archívum  |b hun 
041 |a hun 
245 0 2 |a A tanács határozata a légszeszgyár perére  |h [elektronikus dokumentum] 
260 |c 1917-04-24 
300 |a 4 
490 0 |a Délmagyarország  |v 6 No. 97 
695 |a Áremelés, Gazdasági élet Szeged 1917, Gázgyár Szeged